| 000 | 00572nam a2200205Ia 4500 | ||
|---|---|---|---|
| 005 | 20250822170844.0 | ||
| 008 | 250822s9999||||xx |||||||||||||| ||und|| | ||
| 100 | _aDávila, Ricardo | ||
| 100 | _aForero Álvarez, Jaime | ||
| 245 | 0 | _aCooperativismo y desarrollo rural en una provincia colombiana | |
| 300 | _ap. 25-33 | ||
| 650 | _aCOOPERATIVAS | ||
| 650 | _aCOOPERATIVISMO | ||
| 650 | _aDESARROLLO RURAL | ||
| 650 | _aSOCIOLOGIA | ||
| 650 | _aZONAS RURALES | ||
| 651 | _aCOLOMBIA | ||
| 773 | _aCuadernos de desarrollo rural No. 38-39 (1997) | ||
| 942 | _tMJCh | ||
| 999 |
_c12204 _d12204 |
||